000 00973nam a2200253 a 4500
001 49170
003 BD-RjUL
005 20211209054638.0
008 160818s1985 bg |||| |||| 00| 0 ben d
020 _c: Tk. 15.00
035 _a(BD-RjUL)49289
040 _aBD-RjUL
_bben
_cBD-RjUL
041 _aben
082 _223
_a891.44109
_bAHK 1985
100 1 _aআহসান, সৈয়দ আলী
_9116893
245 1 0 _aকবিতার রূপকল্প /
_cসৈয়দ আলী আহসান
260 _aঢাকা :
_bবাংলা একাডেমী,
_c১৯৮৫
300 _a৮৯ ;
_c১৭ সেমি.
490 _aভাষা-শহীদ গ্রন্হমালা
504 _aগ্রন্হপঞ্জি সংযুক্ত
650 _aবাংলা কবিতা
_vইতিহাস ও সমালোচনা
_9117445
650 _aBengali Poetry
_vHistory and criticism
_9146231
942 _2ddc
_cBK
999 _c49170
_d49170